LEADER 02188nam 2200421 450 001 9910648574403321 005 20230330050511.0 035 $a(CKB)5690000000114751 035 $a(NjHacI)995690000000114751 035 $a(EXLCZ)995690000000114751 100 $a20230330d2022 uy 0 101 0 $aita 135 $aur||||||||||| 181 $ctxt$2rdacontent 182 $cc$2rdamedia 183 $acr$2rdacarrier 200 12$aL'Abc dell'innovazione sociale $eTra sostenibilita?, creativita? e sviluppo /$fMelissa Moralli 210 1$aBologna :$cBononia University Press,$d2022. 210 4$d©2022 215 $a1 online resource (169 pages) 225 1 $aAlphabet 311 $a979-1-254-77144-0 320 $aIncludes bibliographical references and index. 330 $aIl volume rappresenta un viaggio concettuale, una cartografia alfabetica alla scoperta delle azioni che, in quella che possiamo definire una "societa? della crisi", riaffermano il valore della solidarieta? e della mobilitazione collettiva, la forza della societa? civile, delle reti territoriali, delle comunita? resilienti. Senza dimenticare le criticita? che ruotano attorno all'innovazione sociale, il libro esplora questo concetto in riferimento a quei cambiamenti culturali e sociali che mirano a supportare processi di sviluppo e di creazione collettiva piu? equi e giusti. Le lettere che compongono l'abbecedario si trasformano cosi? in espedienti narrativi per parlare di come le innovazioni sociali, se frutto di lotte e riflessioni collettive, possano promuovere giustizia sociale e ambientale, sostenibilita? e condivisione. Un invito, quindi, a immaginare un futuro diverso a partire dalla capacita? creativa delle persone. 410 0$aAlphabet. 517 $aAbc dell?innovazione sociale 606 $aSustainable development 606 $aPublic welfare 615 0$aSustainable development. 615 0$aPublic welfare. 676 $a338.927 700 $aMoralli$b Melissa$0781584 801 0$bNjHacI 801 1$bNjHacl 906 $aBOOK 912 $a9910648574403321 996 $aL'Abc dell'innovazione sociale$93084962 997 $aUNINA LEADER 02613nas 2200757-a 450 001 9910381358103321 005 20241223110052.0 035 $a(CKB)960238794427 035 $a(CONSER)---82641455- 035 $a(MiFhGG)0GEJ 035 $a(EXLCZ)99960238794427 100 $a19820202b19811997 --- a 101 0 $aeng 181 $ctxt$2rdacontent 182 $cc$2rdamedia 183 $acr$2rdacarrier 200 00$aJournal of group psychotherapy, psychodrama and sociometry 210 $aWashington, D.C. $cHeldref Publications$d[©1981]-©1997 215 $a1 online resource 300 $aRefereed/Peer-reviewed 311 08$aPrint version: Journal of group psychotherapy, psychodrama and sociometry. 0731-1273 (DLC) 82641455 (OCoLC)8119999 531 $aJ GROUP PSYCHOTHER PSYCHODRAMA SOCIOM 531 $aJOURNAL OF GROUP PSYCHOTHERAPY, PSYCHODRAMA & SOCIOMETRY 531 0 $aJ. group psychother. psychodrama sociom. 606 $aGroup psychotherapy$vPeriodicals 606 $aDrama$xTherapeutic use$vPeriodicals 606 $aSociometry$vPeriodicals 606 $aPsychology 606 $aPsychothérapie de groupe$vPériodiques 606 $aPsychodrame$vPériodiques 606 $aSociométrie$vPériodiques 606 $aDrama$xTherapeutic use$2fast$3(OCoLC)fst00897516 606 $aGroup psychotherapy$2fast$3(OCoLC)fst00948490 606 $aSociometry$2fast$3(OCoLC)fst01123975 606 $aGroup psychotherapy$vPeriodicals$2nli 606 $aDrama$xTherapeutic use$vPeriodicals$2nli 606 $aSociometry$vPeriodicals$2nli 606 $aPsychodrama 606 $aPsychotherapy, Group 606 $aSociometric Techniques 608 $aPeriodicals.$2fast 608 $aPeriodicals.$2lcgft 608 $aPeriodical. 615 0$aGroup psychotherapy 615 0$aDrama$xTherapeutic use 615 0$aSociometry 615 1$aPsychology. 615 6$aPsychothérapie de groupe 615 6$aPsychodrame 615 6$aSociométrie 615 7$aDrama$xTherapeutic use. 615 7$aGroup psychotherapy. 615 7$aSociometry. 615 7$aGroup psychotherapy 615 7$aDrama$xTherapeutic use 615 7$aSociometry 615 2$aPsychodrama. 615 2$aPsychotherapy, Group. 615 2$aSociometric Techniques. 676 $a616.89/15/05 712 02$aAmerican Society of Group Psychotherapy and Psychodrama. 906 $aJOURNAL 912 $a9910381358103321 920 $aexl_impl conversion 996 $aJournal of group psychotherapy, psychodrama and sociometry$92564666 997 $aUNINA